[Event "Tallinn op"]
[Site "Tallinn"]
[Date "2014.02.22"]
[Round "2"]
[White "Larin, Anton"]
[Black "Makin, Kirill"]
[Result "1/2-1/2"]
[WhiteElo "1974"]
[BlackElo "1897"]
[PlyCount "58"]
[EventDate "2014.02.21"]
[EventType "swiss"]
[EventRounds "7"]
[EventCountry "EST"]
[SourceTitle "CBM 159 Extra"]
[Source "ChessBase"]
[SourceDate "2014.04.24"]
[SourceVersion "1"]
[SourceVersionDate "2014.04.24"]
[SourceQuality "1"]

1. Nf3 d5 2. g3 Nf6 3. Bg2 Bg4 4. d3 Nbd7 5. h3 Bxf3 6. Bxf3 e5 7. c4 e4 8. dxe4 dxe4 9. Bg2 Bb4+ 10. Bd2 Qe7 11. Nc3 c6 12. a3 Bc5 13. b4 e3 14. bxc5 exd2+ 15. Qxd2 Nxc5 16. Rd1 0-0 17. 0-0 Rad8 18. Qf4 Ne6 19. Qc1 Nd7 20. Qe3 Nb6 21. Nd5 cxd5 22. cxd5 Rd6 23. dxe6 Rxe6 24. Qd3 Rxe2 25. Bxb7 Ra2 26. Be4 Rxa3 27. Bxh7+ Kh8 28. Qb1 Qc5 29. Rd3 Rxd3 1/2-1/2